000 00711nam a22001937a 4500
003 BD-DhUL
005 20170508150424.0
008 161013s2003 bg ||||| |||| 00| 0 ben
020 _a9848193604
040 _aBD-DhUL
_cBD-DhUL
082 _a320
_bARL
100 1 _aআরেফীন, দেওয়ান শামসুল ।
245 1 0 _aলাইফ এন্ড ডেট নো ফ্রিডম ইয়েট /
_cদেওয়ান শামসুল আরেফীন ।
260 _aঢাকা :
_bঅ্যাডন,
_c২০০৩ ।
300 _a৩০৩ পৃ. ;
_c২২ সেমি ।
650 0 _aরাজনীতি ।
650 0 _aPolitics.
942 _2ddc
_cBK
999 _c194504
_d194504